000 00495cam a2200169K 4500
082 _a358.4
_bAIR
_cD
100 1 _aHearne, R. P.
_949840
245 1 0 _aAirships in peace & war
260 _aLondon,
_bJ. Lane
_c1910.
300 _a1 online resource.
526 _a0
_b0
_c0
_d358_400000000000000_AIR
650 0 _aAeronautics.
_939164
650 0 _aMCE
_9379
700 1 _aMaxim, Hiram Stevans,
_949841
856 4 0 _uhttp://catalog.hathitrust.org/api/volumes/oclc/62484638.html
942 _2ddc
_cBK
999 _c552587
_d552587